000 02976cam a2200757 a 4500
001 21087
003 VRT
005 20260212151903.0
008 240318s2012 xo o g 000 faslo
015 _aSNBA2013
020 _a9788055128603
_q(viaz.)
035 _a9D47B708-F42B-4AC0-A7C5-B7BD82884B15
035 _aurn:nbn:sk:snk-amjkqm
035 _aurn:nbn:sk:snk-am001n1t
039 9 _a202411051520
_bAUTHORITY
_c202403181956
_dVLOAD
_c202105171318
_dAUTHORITY
_c201508271432
_dVLOAD
040 _aPPPK
_bslo
_cPPPK
_dSVKBB
_dSNK
_eAACR2
041 1 _aslo
_hger
043 _ae-sz---
_af-sx---
_af-ke---
044 _axo
_cSK
072 7 _a821.112.2-3
_xNemecká próza, nemecky písaná
_2konspekt
072 7 _a929
_xBiografie
_2konspekt
080 _a821.112.2(494)-32
_22001
080 _a316.346.2-055.2
_22001
080 _a929
_22001
080 _a910.4
_22001
080 _a394
_22001
080 _a316.728
_22001
080 _a(=426.521)
_22001
080 _a(494)
_22001
080 _a(688.1)
_22001
080 _a(676.2)
_22001
080 _a(0:82-322.6)
_22001
080 _a(0:82-321.8)
_22001
100 1 _aHofmann, Corinne,
_d1960-
_4aut
240 1 0 _aAfrica, meine Passion
_lSlovensky
245 1 0 _aAfrika, moja láska
_b[skutočný príbeh Európanky]
_cCorinne Hofmannová ; [z nemeckého originálu preložila Zuzana Guldanová]
260 _aBratislava
_bIkar
_c2012
300 _a188 s., [32] s. fotogr. príl.
_bfotogr.
_c21 cm
500 _aPokračovanie voľnej trilógie Biela Masajka, Návrat z Afriky, Stretnutie v Barsaloi
600 1 7 _aHofmann, Corinne,
_d1960-
_2SNKMA
650 0 7 _aženy
_zŠvajčiarsko
_y20.-21. stor.
_2SNKPH
650 0 7 _acesty a pobyt
_zNamíbia
_y21. stor.
_2SNKPH
650 0 7 _acesty a pobyt
_zKeňa
_y21. stor.
_2SNKPH
650 0 7 _aMasajovia
_zKeňa
_2SNKPH
650 0 7 _akaždodenný život
_2SNKPH
650 0 7 _aWomen
_zSwitzerland
_y20th-21st centuries
_2SNKPHeng
650 0 7 _aVoyages and travels
_zNamibia
_y21st century
_2SNKPHeng
650 0 7 _aVoyages and travels
_zKenya
_y21st century
_2SNKPHeng
650 0 7 _aMasai (African people)
_zKenya
_2SNKPHeng
650 0 7 _aEveryday life
_2SNKPHeng
655 7 _ašvajčiarske príbehy (nemecky)
_2SNKPH
655 7 _aautobiografické príbehy
_2SNKPH
655 7 _acestopisné príbehy
_2SNKPH
655 7 _aSwiss stories (German)
_2SNKPHeng
655 7 _aAutobiographical stories
_2SNKPHeng
655 7 _aTravel stories
_2SNKPHeng
700 1 _aGuldanová, Zuzana,
_d1963-
_4trl
942 _2ddc
_cKLDO
_n0
949 _6273K0554251
_asvkpoA 219619
_bsvkpo567715
949 _62889185923
_asavukM 114088
_bsavuk2012/2873
949 _63869A17409
_abpksh821.112.2(494)-32
_bbpksh61676
949 _617A1033705
_asnkSC 150793
_bsnk2012/16149
_o1355/2012
949 _617A1033706
_asnkSC 150793 D1
_bsnk2012/16150
_o1355/2012
_s6100:20210923
949 _6270001000399543
_asvkbbA 135038
_bsvkbbm 727805
999 _c21087
_d21087